00423nam a2200169Ia 4500008004000000020001800040041000800058082001500066100001800081245003800099260004100137300001200178650001300190650001200203650001800215700002000233210210b2018 xxu||||| |||| 00| 0 eng d a9788121927642 aeng a574.5 ASTT aASTHANA (D K) aTextbook of environmental studies aNew DelhibS. Chand & Co. Ltd.c2018 axvi,397 aTextbook astudies aenvironmental aASTHANA (Meera)